000 00537nam a2200229Ia 4500
003 OSt
005 20221005120759.0
006 a|||||r|||| 00| 0
007 ta
008 221004b |||||||| |||| 00| 0 eng d
024 _a70579
037 _cTextual
040 _aCRL
_cCRL
_beng
041 _2eng
_aeng
082 _aY1:32, E5
100 _aBosanquet Helen
_9137789
245 0 _aFamily
260 _c1915
650 _aSOCIOLOGY
942 _hY1:32, E5
_cTEXL
_2cc
999 _c1039097
_d1039097